00683nam a2200205 a 4500008004100000040001200041041000800053044000700061082002500068100003900093245004100132260004700173300003600220490003800256502008500294650002000379655004000399700003100439852000700470200217r2019 ii ad||| m|||a00| 0 eng d aKObeng0 aeng aii04223a378.242bPRM17061 aViswanath, Aswani JitheResearcher10aChartering and Types of Chartering / aKochi :bIndian Maritime University,c2019 a43 p. :bill., charts ;c29 cm.0 aMBA Project 2017-19 ;v1705305006 aProject (MBA)–Indian Maritime University. School of Maritime Management, 2019. 0aCharter-parties 72lcshaDissertations, Academicy20191 aSreejith, U. cDr.eGuide aKO